[Event "C.to Italiano Semifinale"]
[Site "Arvier ITA"]
[Date "2009.10.01"]
[Round "6"]
[White "De Santis, Alessio"]
[Black "Shytaj, Luca"]
[Result "1/2-1/2"]
[WhiteElo "2309"]
[BlackElo "2481"]
[PlyCount "86"]
[EventDate "2009.09.26"]

1. d4 Nf6 2. Nc3 d5 3. Bg5 Nbd7 4. e3 e6 5. a3 Be7 6. Nf3 c5 7. Bd3 a6 8. O-O
b5 9. e4 c4 10. Bxf6 Bxf6 11. e5 Be7 12. Be2 f6 13. exf6 Bxf6 14. Re1 O-O 15.
Bf1 Qb6 16. g3 Bb7 17. Bh3 Rae8 18. Qd2 Rf7 19. Re2 Nf8 20. Rae1 Rfe7 21. Ne5
Bxe5 22. Rxe5 Ng6 23. R5e3 e5 24. Ne2 e4 25. Nc3 Qf6 26. Bg2 Nf8 27. f3 Ne6 28.
Rd1 Ng5 29. fxe4 dxe4 30. d5 Re5 31. h4 Nf3+ 32. Bxf3 exf3 33. Rxe5 Qxe5 34.
Qf4 Qh5 35. Kf2 Rf8 36. Qg5 Qf7 37. Re1 h6 38. Qe5 Bc8 39. Re4 Qd7 40. Qe6+
Qxe6 41. dxe6 Re8 42. Rd4 Bxe6 43. Kxf3 Bf5 1/2-1/2

[Event "C.to Italiano Semifinale"]
[Site "Arvier ITA"]
[Date "2009.10.01"]
[Round "6"]
[White "Dvirnyy, Danyyil"]
[Black "Contin, Daniel"]
[Result "0-1"]
[WhiteElo "2447"]
[BlackElo "2291"]
[PlyCount "38"]
[EventDate "2009.09.26"]

1. e4 e6 2. d4 d5 3. Nd2 c5 4. Ngf3 Nf6 5. exd5 exd5 6. dxc5 Bxc5 7. Nb3 Bb6 8.
Bb5+ Nc6 9. O-O O-O 10. Bg5 Bg4 11. Be2 Re8 12. Nfd4 Bxe2 13. Nxe2 h6 14. Bxf6
Qxf6 15. c3 Rad8 16. Qd2 Re4 17. Rae1 Rde8 18. Ng3 Rxe1 19. Rxe1 Qxf2+ 0-1

[Event "C.to Italiano Semifinale"]
[Site "Arvier ITA"]
[Date "2009.10.01"]
[Round "6"]
[White "Govoni, Fausto"]
[Black "Pepino, Enrico"]
[Result "0-1"]
[WhiteElo "2210"]
[BlackElo "2128"]
[PlyCount "88"]
[EventDate "2009.09.26"]

1. e4 d6 2. d4 Nf6 3. Nc3 g6 4. Be2 Bg7 5. h4 O-O 6. h5 c5 7. hxg6 hxg6 8. d5
b5 9. Bxb5 Nxe4 10. Nxe4 Qa5+ 11. Nc3 Bxc3+ 12. bxc3 Qxb5 13. Qd2 Ba6 14. Nf3
Nd7 15. Qe3 Nf6 16. c4 Qxc4 17. Rh4 Nxd5 18. Rxc4 Nxe3 19. Ra4 Bb5 20. Ra5
Nxg2+ 21. Kd1 Bc6 22. Ke2 Bxf3+ 23. Kxf3 Ne1+ 24. Kg4 Nxc2 25. Rb1 Nb4 26. Bh6
Rfb8 27. Ra3 f6 28. Rh3 Nc6 29. Rbh1 Rb4+ 30. Kg3 Kf7 31. Bd2 Re4 32. Rh7+ Ke6
33. Rg7 g5 34. Rh6 Kd5 35. Rh1 Rb8 36. Rd1 Ke6 37. f3 Re2 38. Bc3 d5 39. Rh7 d4
40. Bd2 Rb2 41. Bxg5 Rg2+ 42. Kf4 fxg5+ 43. Ke4 Rge2+ 44. Kd3 Ne5# 0-1

[Event "C.to Italiano Semifinale"]
[Site "Arvier ITA"]
[Date "2009.10.01"]
[Round "6"]
[White "Messina, Giuseppe Ottavio"]
[Black "Vezzosi, Paolo"]
[Result "0-1"]
[WhiteElo "2076"]
[BlackElo "2381"]
[PlyCount "128"]
[EventDate "2009.09.26"]

1. e4 g6 2. f4 Bg7 3. Nf3 c5 4. Nc3 Nc6 5. Bc4 e6 6. O-O Nge7 7. d3 d5 8. Bb5
O-O 9. Bxc6 Nxc6 10. e5 f6 11. exf6 Qxf6 12. Bd2 Bd7 13. Qe1 Rac8 14. Qf2 Nd4
15. Be3 Nxf3+ 16. Qxf3 Bc6 17. Bd2 e5 18. Qf2 Qd6 19. Rad1 Rf7 20. fxe5 Rxf2
21. exd6 Rxf1+ 22. Rxf1 Bd4+ 23. Kh1 Be5 24. Bf4 Bxf4 25. Rxf4 Rd8 26. d4 cxd4
27. Rxd4 Rxd6 28. h4 Kf7 29. Ne4 Rd7 30. Ng5+ Kf6 31. Nf3 Re7 32. Rf4+ Kg7 33.
Nd4 Re1+ 34. Kh2 Bd7 35. Kg3 Ra1 36. a3 Ra2 37. Rf2 Rxb2 38. Re2 Kf6 39. Kf4
Rb1 40. Nf3 Bb5 41. Re3 Rd1 42. g4 d4 43. g5+ Kf7 44. Rb3 a6 45. Rb4 Rf1 46.
Kg3 Ra1 47. Rb3 Rd1 48. Kf4 Ke6 49. Rb4 Kd5 50. Rb3 Rf1 51. Kg3 Be2 52. Nh2 Rf7
53. Ng4 Bxg4 54. Kxg4 b5 55. h5 Rc7 56. hxg6 hxg6 57. Rb2 Rc4 58. Kf3 Rc3+ 59.
Ke2 Rxa3 60. Rb1 Kc4 61. Rf1 Kc3 62. Rf6 Kxc2 63. Rxg6 d3+ 64. Kf2 d2 0-1

[Event "C.to Italiano Semifinale"]
[Site "Arvier ITA"]
[Date "2009.10.01"]
[Round "6"]
[White "Ortega, Lexy"]
[Black "Genocchio, Daniele"]
[Result "1/2-1/2"]
[WhiteElo "2437"]
[BlackElo "2455"]
[PlyCount "55"]
[EventDate "2009.09.26"]

1. Nf3 Nf6 2. c4 e6 3. e3 c5 4. d4 d5 5. cxd5 exd5 6. Bb5+ Bd7 7. Bxd7+ Nbxd7
8. dxc5 Nxc5 9. O-O Be7 10. Bd2 O-O 11. Bc3 Nfe4 12. Bd4 Rc8 13. Nc3 Qd7 14.
Rc1 Rfd8 15. Re1 a6 16. Re2 Ne6 17. Rec2 Bb4 18. Ne5 Qe8 19. Nf3 Nxd4 20. Nxd4
Bxc3 21. bxc3 Rc4 22. Ne2 Qe5 23. Qd3 Nc5 24. Qd2 Ne4 25. Qd3 Nc5 26. Qd2 Rh4
27. Ng3 Rc4 28. Ne2 1/2-1/2

[Event "C.to Italiano Semifinale"]
[Site "Arvier ITA"]
[Date "2009.10.01"]
[Round "6"]
[White "Pompilio, Gaetano"]
[Black "Parrella, Alfredo"]
[Result "0-1"]
[WhiteElo "1927"]
[BlackElo "2089"]
[PlyCount "58"]
[EventDate "2009.09.26"]

1. e3 Nf6 2. d4 d5 3. Bd3 g6 4. Nd2 Bg7 5. f4 b6 6. c3 c5 7. Ngf3 O-O 8. Ne5
Ba6 9. Bxa6 Nxa6 10. Qf3 Qc7 11. g4 Qb7 12. h4 Ne4 13. g5 f6 14. gxf6 exf6 15.
Ng4 h5 16. Nf2 Nd6 17. Qg2 cxd4 18. exd4 Rae8+ 19. Kd1 Nf5 20. Nf3 Kh7 21. Rg1
Qf7 22. Nh3 Bh6 23. Bd2 Re7 24. Kc2 Rfe8 25. Qh1 Re2 26. Rae1 Qd7 27. Rxe2 Rxe2
28. Re1 Ne3+ 29. Kb1 Qf5+ 0-1

[Event "C.to Italiano Semifinale"]
[Site "Arvier ITA"]
[Date "2009.10.01"]
[Round "6"]
[White "Rombaldoni, Axel"]
[Black "Piscopo, Pierluigi"]
[Result "1-0"]
[WhiteElo "2451"]
[BlackElo "2432"]
[PlyCount "81"]
[EventDate "2009.09.26"]

1. e4 c5 2. Nf3 Nc6 3. Nc3 Nf6 4. e5 Ng4 5. Qe2 d6 6. exd6 e6 7. Qc4 Nf6 8.
Qxc5 Bxd6 9. Qc4 O-O 10. d3 Nb4 11. Nb5 e5 12. Nxd6 Qxd6 13. a3 Nc6 14. Be3 Be6
15. Qh4 Bg4 16. Be2 Nd4 17. Bxd4 exd4 18. O-O Rac8 19. Rac1 Rfe8 20. h3 Rxe2
21. hxg4 Qf4 22. g5 Qxh4 23. Nxh4 Nd5 24. Nf5 Rexc2 25. Rxc2 Rxc2 26. Re1 h6
27. gxh6 gxh6 28. Re4 Rxb2 29. Rxd4 Nc3 30. Rg4+ Kh7 31. Rg7+ Kh8 32. Rxf7 a5
33. Nxh6 b5 34. g4 Re2 35. g5 Re6 36. f4 Rg6 37. Kf2 Nd5 38. Rf5 Nc3 39. Kf3
Rb6 40. Rf7 b4 41. axb4 1-0

[Event "C.to Italiano Semifinale"]
[Site "Arvier ITA"]
[Date "2009.10.01"]
[Round "6"]
[White "Rota, Simone"]
[Black "Codenotti, Marco"]
[Result "0-1"]
[WhiteElo "2025"]
[BlackElo "2122"]
[PlyCount "110"]
[EventDate "2009.09.26"]

1. d4 Nf6 2. Nf3 e6 3. c4 b6 4. g3 Bb7 5. Bg2 Be7 6. O-O O-O 7. Nbd2 c5 8. Nb3
d6 9. Bg5 a5 10. Rc1 Nc6 11. Na1 h6 12. Bxf6 Bxf6 13. e3 Rc8 14. Nc2 Ba6 15. b3
d5 16. Na3 cxd4 17. Nxd4 Nxd4 18. exd4 Qd6 19. Nb5 Bxb5 20. cxb5 Rxc1 21. Qxc1
Bxd4 22. Qc2 Qc5 23. Qxc5 Bxc5 24. Rc1 Rd8 25. Rd1 Rc8 26. a4 Kf8 27. Bh3 Rc7
28. Kf1 Ke7 29. Ke2 Bb4 30. Bf1 Rc2+ 31. Kf3 Bc5 32. Be2 Rc3+ 33. Rd3 Rxd3+ 34.
Bxd3 e5 35. Bc2 e4+ 36. Ke2 Kd6 37. f3 f5 38. h3 Ke5 39. b4 Bxb4 40. g4 g6 41.
Bb3 Be7 42. Ba2 h5 43. Bb3 hxg4 44. hxg4 fxg4 45. fxe4 dxe4 46. Bf7 g5 47. Kf2
Kf4 48. Bd5 g3+ 49. Kg2 Bc5 50. Bc4 Bf2 51. Be2 Ke3 52. Bg4 Kd2 53. Kf1 e3 54.
Bf3 g2+ 55. Kxg2 e2 0-1

[Event "C.to Italiano Semifinale"]
[Site "Arvier ITA"]
[Date "2009.10.01"]
[Round "6"]
[White "Scalcione, Michelangelo"]
[Black "Rettore, Ludwig"]
[Result "0-1"]
[WhiteElo "2387"]
[BlackElo "2175"]
[PlyCount "60"]
[EventDate "2009.09.26"]

1. d4 d5 2. c4 e6 3. Nf3 Nf6 4. Nc3 Be7 5. Bg5 O-O 6. e3 h6 7. Bf4 Nbd7 8. cxd5
Nxd5 9. Bg3 Nxc3 10. bxc3 c5 11. Bd3 Qa5 12. O-O Qxc3 13. Rc1 Qa5 14. Bb1 cxd4
15. Qd3 g6 16. Nxd4 Ne5 17. Qe4 Bf6 18. Rfd1 Nc6 19. Nb3 Qb4 20. Rc4 Qb5 21.
Qc2 e5 22. Rd6 Bf5 23. Qc3 Rad8 24. Rxd8 Rxd8 25. Bc2 Bxc2 26. Qxc2 Nb4 27. Qe2
Nxa2 28. Nd2 Nc3 29. Qe1 Qb2 30. Ne4 Nxe4 0-1

[Event "C.to Italiano Semifinale"]
[Site "Arvier ITA"]
[Date "2009.10.01"]
[Round "6"]
[White "Valsecchi, Alessio"]
[Black "Rombaldoni, Denis"]
[Result "0-1"]
[WhiteElo "2361"]
[BlackElo "2469"]
[PlyCount "228"]
[EventDate "2009.09.26"]

1. e4 c5 2. Nf3 d6 3. c3 Nf6 4. Be2 Nc6 5. d3 g6 6. O-O Bg7 7. h3 O-O 8. Re1 e5
9. a3 Be6 10. b4 h6 11. Bb2 Nh5 12. Qd2 Nf4 13. d4 Nxe2+ 14. Rxe2 Bc4 15. Re1
exd4 16. cxd4 cxd4 17. Rc1 b5 18. a4 Ne5 19. Ne1 d5 20. Bxd4 dxe4 21. Qc3 Qg5
22. Nd2 Bd5 23. Qe3 Qxe3 24. fxe3 Nc4 25. Bxg7 Kxg7 26. Nxc4 Bxc4 27. axb5 Bxb5
28. Rc5 a6 29. Nc2 Rab8 30. Nd4 Bd3 31. Rc7 Rfc8 32. Ne6+ Kf6 33. Rxc8 Rxc8 34.
Nc5 Rc6 35. Kf2 Ke5 36. Ra5 Kd6 37. Ra3 Kd5 38. Nxd3 exd3 39. Rxd3+ Kc4 40.
Rd4+ Kc3 41. Rf4 f6 42. Kf3 Rb6 43. h4 Kb3 44. h5 g5 45. Rd4 f5 46. g4 fxg4+
47. Kxg4 Rxb4 48. Kf5 a5 49. Rd3+ Kb2 50. Rd6 a4 51. Rxh6 g4 52. e4 a3 53. Ra6
g3 54. h6 Rb7 55. Kf4 a2 56. Rxa2+ Kxa2 57. Kxg3 Rh7 58. Kf4 Rxh6 59. Ke5 Kb3
60. Kd5 Ra6 61. e5 Ra5+ 62. Kd6 Kc4 63. e6 Ra6+ 64. Kd7 Kd5 65. e7 Ra7+ 66. Kd8
Kd6 67. e8=N+ Kc6 68. Nf6 Rf7 69. Ne4 Rf5 70. Ng3 Re5 71. Nf1 Rf5 72. Ng3 Rf3
73. Nh5 Kd6 74. Ke8 Ke6 75. Ng7+ Kf6 76. Kf8 Kg6+ 77. Kg8 Rf6 78. Ne8 Rf7 79.
Nd6 Ra7 80. Kf8 Rd7 81. Ne8 Rf7+ 82. Kg8 Rh7 83. Kf8 Rd7 84. Kg8 Rf7 85. Nd6
Rf2 86. Ne8 Rf1 87. Nd6 Kf6 88. Ne8+ Ke7 89. Ng7 Rg1 90. Kh7 Kf7 91. Nh5 Rg6
92. Nf4 Rf6 93. Nh5 Ra6 94. Nf4 Kf6 95. Nh5+ Kg5 96. Ng7 Rg6 97. Kh8 Kf6 98.
Nh5+ Kg5 99. Ng7 Rf6 100. Kg8 Rf1 101. Kh7 Re1 102. Kg8 Rf1 103. Kh7 Rg1 104.
Ne8 Re1 105. Nd6 Kf6 106. Kg8 Re6 107. Nc4 Rc6 108. Ne3 Rc5 109. Kh7 Kg5 110.
Kg7 Kf4 111. Ng2+ Kg3 112. Ne3 Kf3 113. Nd1 Rc2 114. Kf6 Ke2 0-1

[Event "C.to Italiano Semifinale"]
[Site "Arvier ITA"]
[Date "2009.10.02"]
[Round "7"]
[White "Bentivegna, Francesco"]
[Black "Scalcione, Michelangelo"]
[Result "0-1"]
[WhiteElo "2349"]
[BlackElo "2387"]
[PlyCount "150"]
[EventDate "2009.09.26"]

1. e4 d6 2. Nc3 Nf6 3. f4 d5 4. e5 d4 5. Nce2 Nd5 6. Nxd4 Nxf4 7. Ndf3 Nd5 8.
d4 Bf5 9. Bd3 Bxd3 10. Qxd3 e6 11. Ne2 Be7 12. O-O c5 13. Kh1 cxd4 14. Qxd4 h5
15. Bd2 Qb6 16. Qe4 Nd7 17. c4 Nb4 18. Ng5 Bxg5 19. Bxg5 Nc6 20. Rad1 Ncxe5 21.
Nd4 a6 22. b3 f6 23. Be3 Nc5 24. Qb1 O-O 25. Nxe6 Qxe6 26. Bxc5 Rfd8 27. Qe4
Qc6 28. Qxc6 Nxc6 29. Kg1 Kf7 30. Bb6 Rxd1 31. Rxd1 Ke6 32. Rd5 Ne5 33. Bc5 b5
34. Rd6+ Kf5 35. cxb5 axb5 36. Rd2 Rc8 37. b4 Ke4 38. Rd4+ Kf5 39. h3 Ra8 40.
Rd2 Ra3 41. Bf8 g5 42. Rf2+ Ke6 43. Rc2 h4 44. Kf1 Nd3 45. Re2+ Kf5 46. Be7 Rc3
47. Rd2 Rc1+ 48. Ke2 Nf4+ 49. Kf2 Nh5 50. Bd6 Ke4 51. Re2+ Kd5 52. Rd2+ Ke4 53.
Re2+ Kd5 54. Rd2+ Ke6 55. Bb8 Rb1 56. Bd6 Ng7 57. Bc5 Nf5 58. Kf3 Rc1 59. Re2+
Kf7 60. Rd2 Rc3+ 61. Ke2 Ng3+ 62. Kd1 Ne4 63. Rd4 f5 64. Rd7+ Ke6 65. Re7+ Kd5
66. Rd7+ Kc6 67. Rf7 f4 68. Rg7 Rg3 69. Rg6+ Kd5 70. Bf8 Rxg2 71. a4 bxa4 72.
Ke1 a3 73. Ra6 a2 74. Kf1 f3 75. Bc5 Rb2 0-1

[Event "C.to Italiano Semifinale"]
[Site "Arvier ITA"]
[Date "2009.10.02"]
[Round "7"]
[White "Contin, Daniel"]
[Black "Rombaldoni, Axel"]
[Result "0-1"]
[WhiteElo "2291"]
[BlackElo "2451"]
[PlyCount "112"]
[EventDate "2009.09.26"]

1. c4 Nf6 2. Nf3 c5 3. g3 d5 4. cxd5 Nxd5 5. Nc3 Nc7 6. d4 cxd4 7. Qxd4 Bd7 8.
Ne5 Nc6 9. Qxd7+ Qxd7 10. Nxd7 Kxd7 11. Bg2 e6 12. O-O Bb4 13. Bd2 Rhd8 14.
Rac1 Rac8 15. a3 Bxc3 16. Bxc3 f6 17. Rfd1+ Ke8 18. Rxd8+ Rxd8 19. Be4 Nd5 20.
Bxh7 Nxc3 21. Rxc3 f5 22. Bg6+ Ke7 23. Bh5 Rd2 24. b4 Kf6 25. Bf3 Nd4 26. Rc7
Ra2 27. Rxb7 Rxa3 28. Bh5 g6 29. e3 Ra1+ 30. Kg2 Nc2 31. Be2 Ne1+ 32. Kf1 Nc2+
33. Kg2 g5 34. g4 f4 35. exf4 gxf4 36. h4 Ne1+ 37. Kh3 Ra3+ 38. Kh2 Ra2 39. g5+
Kf5 40. Rf7+ Ke4 41. Bg4 Rxf2+ 42. Kh3 Rg2 43. Bh5 Rg3+ 44. Kh2 Ng2 45. g6 Nxh4
46. g7 Nf5 47. Rxa7 Rxg7 48. Rxg7 Nxg7 49. Bg4 e5 50. b5 Ne8 51. Bd7 Nd6 52.
Bc6+ Kd3 53. b6 e4 54. b7 Nxb7 55. Bxb7 e3 56. Kg2 e2 0-1

[Event "C.to Italiano Semifinale"]
[Site "Arvier ITA"]
[Date "2009.10.02"]
[Round "7"]
[White "Genocchio, Daniele"]
[Black "Rombaldoni, Denis"]
[Result "1/2-1/2"]
[WhiteElo "2455"]
[BlackElo "2469"]
[PlyCount "129"]
[EventDate "2009.09.26"]

1. e4 c5 2. Nf3 d6 3. d4 cxd4 4. Nxd4 Nf6 5. Nc3 Nc6 6. Be2 e6 7. O-O Be7 8.
Be3 O-O 9. f4 a6 10. a4 Bd7 11. Nb3 Rc8 12. a5 Nb4 13. Bf3 Bc6 14. Nd4 Qc7 15.
Rf2 Rfe8 16. f5 Bd7 17. fxe6 Bxe6 18. Nxe6 fxe6 19. Bb6 Qd7 20. Bg4 Nc6 21. Bh3
Bd8 22. Bd4 Qc7 23. Bb6 Qe7 24. Bd4 Nxd4 25. Qxd4 Rc5 26. b4 Re5 27. Rd1 Bc7
28. Rdf1 Rb8 29. Qc4 Kh8 30. Rf4 Rc8 31. Kh1 Qe8 32. Qd4 Rb8 33. Qf2 Bd8 34.
Ne2 b6 35. axb6 Rxb6 36. c3 Rc6 37. Qa7 a5 38. Qb7 Rb6 39. Qc8 axb4 40. cxb4
Rxb4 41. Ng3 h6 42. Qc3 Ba5 43. Qc1 Rc4 44. Qe3 Bd8 45. Qa3 Rec5 46. Qa6 Rc2
47. R4f3 Rc6 48. Qd3 R2c5 49. Ne2 Re5 50. Rf4 Bb6 51. Qf3 Qg6 52. Qa3 Kh7 53.
Qa8 Rc2 54. Qa6 Rxe4 55. Rxf6 gxf6 56. Ng3 Bc7 57. Nxe4 Qxe4 58. Qc8 Qf4 59.
Qd7+ Kg6 60. Qe8+ Kg7 61. Qd7+ Kg6 62. Qe8+ Kg7 63. Qe7+ Kg6 64. Qe8+ Kg7 65.
Qe7+ 1/2-1/2

[Event "C.to Italiano Semifinale"]
[Site "Arvier ITA"]
[Date "2009.10.02"]
[Round "7"]
[White "Marguerettaz, Davy"]
[Black "Codenotti, Marco"]
[Result "1/2-1/2"]
[WhiteElo "2049"]
[BlackElo "2122"]
[PlyCount "64"]
[EventDate "2009.09.26"]

1. e4 d6 2. d4 Nf6 3. Nc3 g6 4. Be3 Bg7 5. Qd2 O-O 6. Nf3 c6 7. Bd3 b5 8. Bh6
a6 9. h4 Bxh6 10. Qxh6 Ng4 11. Qd2 h5 12. Nh2 Nxh2 13. Rxh2 e5 14. dxe5 dxe5
15. Qh6 Nd7 16. g4 Nf6 17. f3 Bxg4 18. fxg4 Nxg4 19. Qd2 b4 20. Nd1 Nxh2 21.
Qxh2 Qd4 22. Ke2 c5 23. Ne3 Rac8 24. Nc4 f5 25. Qg2 Kh7 26. Rg1 Rc6 27. exf5 e4
28. Qxe4 Qxg1 29. Qxc6 Qh2+ 30. Kd1 Qg1+ 31. Ke2 Qh2+ 32. Kd1 Qg1+ 1/2-1/2

[Event "C.to Italiano Semifinale"]
[Site "Arvier ITA"]
[Date "2009.10.02"]
[Round "7"]
[White "Parrella, Alfredo"]
[Black "Messina, Giuseppe Ottavio"]
[Result "1/2-1/2"]
[WhiteElo "2089"]
[BlackElo "2076"]
[PlyCount "64"]
[EventDate "2009.09.26"]

1. d4 Nf6 2. c4 c6 3. Nc3 e5 4. dxe5 Ng4 5. Qd4 d6 6. Nf3 Na6 7. Bf4 d5 8. e3
Nb4 9. Qd2 Bf5 10. Nd4 Be6 11. a3 Na6 12. h3 Nh6 13. cxd5 Bxd5 14. e4 Be6 15.
Bxa6 bxa6 16. Nxe6 fxe6 17. Bxh6 gxh6 18. Qxd8+ Rxd8 19. Rd1 Rb8 20. Na4 Rb5
21. f4 Rg8 22. g4 Be7 23. Ke2 h5 24. g5 Kf7 25. Rd7 Rgb8 26. Rxa7 Ra5 27. Nc3
Rxb2+ 28. Kd3 Rxa3 29. f5 Ke8 30. Ra8+ Kf7 31. Ra7 Ke8 32. Ra8+ Kf7 1/2-1/2

[Event "C.to Italiano Semifinale"]
[Site "Arvier ITA"]
[Date "2009.10.02"]
[Round "7"]
[White "Pepino, Enrico"]
[Black "Molina, Fabrizio"]
[Result "1/2-1/2"]
[WhiteElo "2128"]
[BlackElo "2239"]
[PlyCount "98"]
[EventDate "2009.09.26"]

1. e4 d6 2. d4 Nf6 3. Nc3 e5 4. dxe5 dxe5 5. Qxd8+ Kxd8 6. Bg5 Nbd7 7. O-O-O c6
8. Nf3 Kc7 9. a3 b5 10. Bh4 Bc5 11. Bg3 Re8 12. Bd3 Nh5 13. Rd2 f6 14. Nd1 Nb6
15. Ne1 g6 16. f3 f5 17. Bf2 Bxf2 18. Nxf2 Be6 19. g3 Rf8 20. Re2 Nd7 21. exf5
gxf5 22. Ng2 Bd5 23. Nh4 Ng7 24. Rhe1 a6 25. Nd1 c5 26. c3 c4 27. Bc2 Be6 28.
Rd2 Rae8 29. Nf2 Bg8 30. Rde2 Re6 31. Nh3 h6 32. Nf2 Rb6 33. Rd2 h5 34. Red1
Nc5 35. Re1 e4 36. fxe4 fxe4 37. Nxe4 Re6 38. Red1 Rxe4 39. Bxe4 Nb3+ 40. Kc2
Nxd2 41. Rxd2 Ne6 42. Bg6 Rf6 43. Kd1 Nc5 44. Bc2 Be6 45. Ke1 Bg4 46. Rf2 Re6+
47. Kd2 Rd6+ 48. Ke1 Re6+ 49. Kd2 Rd6+ 1/2-1/2

[Event "C.to Italiano Semifinale"]
[Site "Arvier ITA"]
[Date "2009.10.02"]
[Round "7"]
[White "Piscopo, Pierluigi"]
[Black "Martorelli, Antonio"]
[Result "1/2-1/2"]
[WhiteElo "2432"]
[BlackElo "2228"]
[PlyCount "77"]
[EventDate "2009.09.26"]

1. e4 c5 2. Nf3 e6 3. Qe2 Nc6 4. g3 g6 5. Bg2 Bg7 6. O-O Nge7 7. c3 Rb8 8. d4
d5 9. exd5 Nxd5 10. dxc5 O-O 11. Bg5 Qa5 12. b4 Qa4 13. b5 Na5 14. Rc1 Bd7 15.
Nd4 Rfc8 16. Bxd5 exd5 17. Nd2 Re8 18. Qd3 Rbc8 19. N2b3 Nc4 20. c6 Ne5 21. Qb1
Bh3 22. Nc5 Qc4 23. Nxb7 Ng4 24. Qc2 Bxd4 25. Nd6 Qc5 26. cxd4 Re1+ 27. Rxe1
Qxc2 28. Be3 Rc7 29. Rac1 Qxa2 30. b6 axb6 31. Ra1 Qc2 32. Ra8+ Kg7 33. Ne8+
Kf8 34. Nxc7+ Kg7 35. Ne8+ Kf8 36. Nf6+ Kg7 37. Ne8+ Kf8 38. Nd6+ Kg7 39. Ne8+
1/2-1/2

[Event "C.to Italiano Semifinale"]
[Site "Arvier ITA"]
[Date "2009.10.02"]
[Round "7"]
[White "Ricci, Marco"]
[Black "Pompilio, Gaetano"]
[Result "1-0"]
[WhiteElo "2128"]
[BlackElo "1927"]
[PlyCount "77"]
[EventDate "2009.09.26"]

1. e4 b6 2. d4 Bb7 3. Bd3 e6 4. Nf3 Nf6 5. Qe2 d5 6. e5 Ne4 7. O-O Be7 8. Nbd2
Nxd2 9. Nxd2 c5 10. Qg4 O-O 11. Nf3 Kh8 12. Qh5 g6 13. Qh6 Rg8 14. Ng5 Rg7 15.
c3 Ba6 16. Bxa6 Nxa6 17. Be3 Qd7 18. Nf3 f5 19. exf6 Bxf6 20. Bg5 Rf7 21. Bxf6+
Rxf6 22. Qe3 Re8 23. Rae1 Kg8 24. Re2 cxd4 25. cxd4 Nb4 26. Ne5 Qd6 27. a3 Nc6
28. Rc1 Ne7 29. Qd3 Rff8 30. Rec2 Rc8 31. Qa6 Qb8 32. Nd7 Rxc2 33. Rxc2 Qf4 34.
Nxf8 Qxd4 35. Qe2 Kxf8 36. Rc7 a5 37. g3 e5 38. Qf3+ Ke8 39. Qf6 1-0

[Event "C.to Italiano Semifinale"]
[Site "Arvier ITA"]
[Date "2009.10.02"]
[Round "7"]
[White "Sarno, Spartaco"]
[Black "Dvirnyy, Danyyil"]
[Result "1/2-1/2"]
[WhiteElo "2324"]
[BlackElo "2447"]
[PlyCount "48"]
[EventDate "2009.09.26"]

1. Nf3 Nf6 2. g3 Nc6 3. Bg2 e5 4. d3 h6 5. O-O Be7 6. c4 O-O 7. Nc3 Re8 8. a3
a5 9. Bd2 Bc5 10. Rb1 d6 11. Ne1 Bf5 12. b4 axb4 13. axb4 Nxb4 14. Na4 Nc6 15.
Nxc5 dxc5 16. Rxb7 e4 17. Bc3 Nd4 18. Bxd4 cxd4 19. Rb5 Bg4 20. dxe4 c6 21. Rb2
Ra5 22. Nd3 Nd7 23. Qd2 Nc5 24. Rfb1 Be6 1/2-1/2

[Event "C.to Italiano Semifinale"]
[Site "Arvier ITA"]
[Date "2009.10.02"]
[Round "7"]
[White "Shytaj, Luca"]
[Black "Ortega, Lexy"]
[Result "1/2-1/2"]
[WhiteElo "2481"]
[BlackElo "2437"]
[PlyCount "59"]
[EventDate "2009.09.26"]

1. e4 e5 2. Nf3 Nc6 3. Nc3 Nf6 4. Bb5 Nd4 5. O-O Nxb5 6. Nxb5 c6 7. Nc3 d6 8.
d4 Qc7 9. h3 h6 10. Qd3 Be7 11. a4 g5 12. a5 g4 13. hxg4 Bxg4 14. Nh2 Bd7 15.
Rd1 Rg8 16. d5 cxd5 17. exd5 Rc8 18. Nf1 Qc4 19. Qxc4 Rxc4 20. a6 b6 21. Bxh6
Rcg4 22. g3 Rb4 23. Be3 Ng4 24. Na2 Rxb2 25. Rdb1 Rxb1 26. Rxb1 Nxe3 27. fxe3
f5 28. Kf2 Kf7 29. Nb4 Rc8 30. Nd2 1/2-1/2

[Event "C.to Italiano Semifinale"]
[Site "Arvier ITA"]
[Date "2009.10.02"]
[Round "7"]
[White "Sibilio, Mario"]
[Black "De Santis, Alessio"]
[Result "1-0"]
[WhiteElo "2345"]
[BlackElo "2309"]
[PlyCount "75"]
[EventDate "2009.09.26"]

1. d4 e6 2. Nc3 d5 3. e4 Nf6 4. e5 Nfd7 5. Nce2 c5 6. c3 Nc6 7. Nf3 Be7 8. h4
cxd4 9. cxd4 Qa5+ 10. Nc3 f6 11. exf6 Bxf6 12. Be3 e5 13. a3 exd4 14. Nxd4 Nde5
15. Nb3 Qd8 16. Qxd5 Qe7 17. Nc5 Bg4 18. N3e4 Rd8 19. Qb3 b6 20. Nxf6+ gxf6 21.
Ne4 Bf3 22. Qa4 O-O 23. Rh3 Nd4 24. Bxd4 Bxe4 25. Be2 Bxg2 26. Re3 Bc6 27. Qb3+
Kh8 28. Qc3 Rxd4 29. Qxd4 Rd8 30. Qc3 Ba4 31. f4 Qb7 32. Kf2 Rc8 33. Qd4 Qd7
34. Qxd7 Nxd7 35. b3 Bc6 36. Rc1 Nc5 37. b4 Bb5 38. bxc5 1-0

[Event "C.to Italiano Semifinale"]
[Site "Arvier ITA"]
[Date "2009.10.02"]
[Round "7"]
[White "Vespe, Francesco"]
[Black "Govoni, Fausto"]
[Result "0-1"]
[WhiteElo "1976"]
[BlackElo "2210"]
[PlyCount "120"]
[EventDate "2009.09.26"]

1. d4 f5 2. c4 Nf6 3. g3 g6 4. Bg2 Bg7 5. Nf3 O-O 6. Nc3 d6 7. O-O Qe8 8. d5 c5
9. Qc2 Na6 10. a3 Nc7 11. Rd1 b5 12. Nd2 Rb8 13. Rb1 g5 14. b4 cxb4 15. axb4
bxc4 16. Nxc4 Qh5 17. Na5 Na6 18. Nc6 Rb7 19. Be3 f4 20. Bxa7 Rxa7 21. Nxa7 Ng4
22. h3 fxg3 23. Nxc8 gxf2+ 24. Kh1 Rxc8 25. Qe4 Ne5 26. Na4 g4 27. Rb3 Rc4 28.
Qe3 gxh3 29. Bxh3 Rh4 30. Kg2 Bf6 31. Be6+ Kg7 32. Qg3+ Kh6 33. Nb2 Nc7 34. Bh3
Nb5 35. Qxf2 Qg5+ 36. Rg3 Ng4 37. Bxg4 Rxg4 38. Rxg4 Qxg4+ 39. Kf1 Bxb2 40. Rd3
Bf6 41. Rg3 Qe4 42. Qh2+ Bh4 43. Qh3 Kh5 44. Re3 Qf4+ 45. Rf3 Qc1+ 46. Kg2 Qg5+
47. Kh2 Nd4 48. Re3 Qf4+ 49. Kh1 Kg6 50. b5 Nxb5 51. Qe6+ Bf6 52. Qg8+ Kh6 53.
Rh3+ Bh4 54. Qe6+ Kh5 55. Qxe7 Nd4 56. Qxh7+ Kg5 57. Qg7+ Kf5 58. Qh7+ Ke5 59.
Qxh4 Qf1+ 60. Kh2 Qxe2+ 0-1

[Event "C.to Italiano Semifinale"]
[Site "Arvier ITA"]
[Date "2009.10.02"]
[Round "7"]
[White "Vezzosi, Paolo"]
[Black "Astengo, Marcello"]
[Result "1/2-1/2"]
[WhiteElo "2381"]
[BlackElo "2134"]
[PlyCount "54"]
[EventDate "2009.09.26"]

1. d4 d5 2. Nf3 c6 3. c4 Nf6 4. e3 e6 5. Nbd2 Nbd7 6. Bd3 Bd6 7. O-O O-O 8. e4
e5 9. exd5 cxd5 10. cxd5 exd4 11. Ne4 Nxe4 12. Bxe4 Nf6 13. Qxd4 Nxe4 14. Qxe4
Re8 15. Qd4 Bf5 16. Bg5 f6 17. Be3 Be4 18. Rfd1 b6 19. Qa4 Qe7 20. Nd4 Qe5 21.
g3 Qh5 22. Qb5 Re5 23. Qe2 Qh3 24. Qf1 Qh5 25. Qe2 Qh3 26. Qf1 Qh5 27. Qe2 Qh3
1/2-1/2

[Event "C.to Italiano Semifinale"]
[Site "Arvier ITA"]
[Date "2009.10.03"]
[Round "8"]
[White "Astengo, Marcello"]
[Black "Piscopo, Pierluigi"]
[Result "0-1"]
[WhiteElo "2134"]
[BlackElo "2432"]
[PlyCount "62"]
[EventDate "2009.09.26"]

1. d4 Nf6 2. Nf3 g6 3. e3 Bg7 4. Be2 c5 5. c3 cxd4 6. exd4 O-O 7. O-O d6 8. Bf4
b6 9. Nbd2 Bb7 10. Re1 Nbd7 11. Bc4 Nd5 12. Bg3 N7f6 13. Qb3 a6 14. a4 Rb8 15.
Re2 b5 16. Bd3 Bh6 17. axb5 axb5 18. Qc2 Qb6 19. Ree1 Rfc8 20. Nb3 Nb4 21. Qd1
Nxd3 22. Qxd3 Bd5 23. Nbd2 Qb7 24. Nh4 Rc7 25. Nf1 b4 26. Ne3 Be4 27. Qd2 bxc3
28. bxc3 Nd5 29. Ra3 Nxe3 30. fxe3 Qb2 31. Qxb2 Rxb2 0-1

[Event "C.to Italiano Semifinale"]
[Site "Arvier ITA"]
[Date "2009.10.03"]
[Round "8"]
[White "Codenotti, Marco"]
[Black "De Santis, Alessio"]
[Result "1/2-1/2"]
[WhiteElo "2122"]
[BlackElo "2309"]
[PlyCount "49"]
[EventDate "2009.09.26"]

1. e4 b6 2. d4 Bb7 3. Bd3 Nf6 4. Qe2 Nc6 5. c3 e5 6. d5 Ne7 7. Nf3 Ng6 8. O-O
Be7 9. c4 O-O 10. a3 a5 11. Nc3 c5 12. Qc2 d6 13. g3 Bc8 14. Bd2 h6 15. b4 Nh5
16. bxc5 bxc5 17. Na4 Bg4 18. Ne1 Bg5 19. Bc3 Bh3 20. Ng2 Bf4 21. Be2 Qg5 22.
Bxh5 Qxh5 23. f3 Bxg2 24. Kxg2 Be3 25. Rae1 1/2-1/2